Statistics for Ghost towns in Massachusetts

Click here to take the quiz!

General Stats

  • This quiz has been taken 23 times
  • The average score is 3 of 10

Answer Stats

General LocationAnswer% Correct
Quabbin ReservoirDana
93%
Quabbin ReservoirPrescott
80%
Quabbin ReservoirEnfield
60%
Quabbin ReservoirGreenwich
60%
Cape AnnDogtown
20%
Franklin CountyDavis
7%
Franklin CountyCatamount
0%
North Cape CodLong Point
0%
BerkshiresQuesting
0%
South Cape CodWhitewash Village
0%

Score Distribution

Percentile by Number Answered

Percent of People with Each Score

Your Score History

You have not taken this quiz